000 00591nam a2200205 a 4500
005 20140412111357.0
008 051104s19uu xx 00 eng d
020 _a0-07-572801-X
050 _aTR(GS 372.4
_bESL47 2002
245 _aESL supplement (red), L.K :
_bBlackline masters.
260 _aColumbus, Ohio :
_bSRA/McGraw-Hill Comp,
_c2002.
300 _a44 p.
440 _aSRA Open Court Reading, Red
650 _aReading
_xStudy and teaching
650 _aEnglish language
_xStudy and teaching
999 _c105419
_d105419